000 00737nam a2200217 i 4500
001 79217
003 ES-MaACL
005 20230906173929.0
007 t|
008 041020s1958 sp ||||1| spa d
100 1 _aHendy, Philip.
_962531
245 1 0 _aÁlbum de la Galería Nacional de Londres /
_cintroducción histórica y texto explicativo por Philip Hendy ; [traducción, Juan Petit].
260 _aBarcelona :
_bLabor,
_c[1958] (
_fTalls. Gráf. Ibero-Americanos)
300 _a290 p., 70 lám. ;
_c32 cm.
490 1 _aGalerías de Europa
610 2 4 _aNational Gallery (Londres)
_95970
700 1 _aPetit, Juan.
_991508
830 1 _aGalerías de Europa
_9180769
852 _aES-MaACL
_jC-14404
999 _c79217
_d79217